Strength of materials and mechanics of structures / (Record no. 3504)

000 -LEADER
fixed length control field 00421nam a22001457a 4500
008 - FIXED-LENGTH DATA ELEMENTS--GENERAL INFORMATION
fixed length control field 200616b ||||| |||| 00| 0 eng d
082 00 - DEWEY DECIMAL CLASSIFICATION NUMBER
Classification number 620.112
Item number L524
100 ## - MAIN ENTRY--PERSONAL NAME
9 (RLIN) 2882
Personal name Lehri, Raghbir Singh
245 10 - TITLE STATEMENT
Title Strength of materials and mechanics of structures /
250 ## - EDITION STATEMENT
Edition statement 1st ed.
260 ## - PUBLICATION, DISTRIBUTION, ETC. (IMPRINT)
Place of publication, distribution, etc Ludhiana
Name of publisher, distributor, etc Katson
Date of publication, distribution, etc [n.d]
300 ## - PHYSICAL DESCRIPTION
Extent viii, 822 p.
650 #0 - SUBJECT ADDED ENTRY--TOPICAL TERM
Topical term or geographic name as entry element Strength of Materials
942 ## - ADDED ENTRY ELEMENTS (KOHA)
Item type Books
Holdings
Withdrawn status Lost status Source of classification or shelving scheme Damaged status Not for loan Permanent location Current location Date acquired Full call number Barcode Date last seen Koha item type
          IMU Kolkata IMU Kolkata 2020-06-16 620.112 L524 06302 2020-06-16 Books
Designed and Maintained by IMU-KC Library, Kolkata Campus © Copyright All Rights Reserved

webs counters

Powered by Koha